[Event "Capablanca mem-B"]
[Site "Cienfuegos CUB"]
[Date "1996.??.??"]
[Round "8"]
[White "Mitkov, Nikola"]
[Black "Hergott, Deen"]
[Result "1-0"]
[WhiteElo "2475"]
[BlackElo "2485"]
[PlyCount "68"]
[EventDate "1996.??.??"]
[EventType "tourn"]
[EventRounds "13"]
[EventCountry "CUB"]
[EventCategory "8"]
[Source "ChessBase"]
[SourceDate "1997.09.26"]

1. e4 g6 2. Nc3 c6 3. Qf3 Bg7 4. a4 e6 5. h4 h6 6. Qg3 d5 7. Nf3 Ne7 8. d3 Na6
9. Be2 Nb4 10. Bd1 d4 11. Nb1 e5 12. O-O f6 13. Ne1 c5 14. f4 exf4 15. Bxf4
Nbc6 16. Na3 O-O 17. Bd6 b6 18. Nb5 a6 19. Nc7 Ra7 20. Nd5 Kh7 21. Bc7 Rxc7 22.
Nxc7 Ne5 23. Nd5 Nxd5 24. exd5 f5 25. Bf3 f4 26. Qf2 Bb7 27. Qe2 Bxd5 28. Bxd5
Qxd5 29. Nf3 Nc6 30. Rae1 Nb4 31. Kf2 Qd7 32. h5 g5 33. Qe4+ Qf5 34. Qb7 Rf7
1-0

[Event "Capablanca mem-B"]
[Site "Cienfuegos CUB"]
[Date "1996.??.??"]
[Round "9"]
[White "Hergott, Deen"]
[Black "Cifuentes Parada, Roberto"]
[Result "1/2-1/2"]
[WhiteElo "2485"]
[BlackElo "2490"]
[PlyCount "85"]
[EventDate "1996.??.??"]
[EventType "tourn"]
[EventRounds "13"]
[EventCountry "CUB"]
[EventCategory "8"]
[Source "ChessBase"]
[SourceDate "1997.09.26"]

1. e4 c5 2. Nc3 e6 3. f4 d5 4. Nf3 Nf6 5. Bb5+ Nc6 6. d3 Be7 7. O-O O-O 8. e5
Nd7 9. Bxc6 bxc6 10. Ne2 a5 11. c4 a4 12. Rb1 f6 13. Qe1 Qe8 14. Ng3 fxe5 15.
Nxe5 Nxe5 16. Qxe5 Bd7 17. Bd2 Qb8 18. Bc3 Bf6 19. Qe1 Bxc3 20. Qxc3 Rxf4 21.
cxd5 exd5 22. Rxf4 Qxf4 23. Qxc5 Re8 24. Rf1 Qe3+ 25. Qxe3 Rxe3 26. Rd1 Bg4 27.
Rd2 Re1+ 28. Kf2 Ra1 29. a3 Kf7 30. d4 c5 31. dxc5 Rc1 32. Ne2 Rxc5 33. Nc3 Ke6
34. Ke3 Ke5 35. Ne2 Bf5 36. Nc3 Bd7 37. Rd4 Bc6 38. g3 Ra5 39. h4 Ra7 40. Na2
Bb5 41. Nb4 Rd7 42. Nc2 Bc4 43. Nb4 1/2-1/2

[Event "Capablanca mem-B"]
[Site "Cienfuegos CUB"]
[Date "1996.??.??"]
[Round "10"]
[White "Pecorelli Garcia, Humberto"]
[Black "Hergott, Deen"]
[Result "1/2-1/2"]
[WhiteElo "2430"]
[BlackElo "2485"]
[PlyCount "51"]
[EventDate "1996.??.??"]
[EventType "tourn"]
[EventRounds "13"]
[EventCountry "CUB"]
[EventCategory "8"]
[Source "ChessBase"]
[SourceDate "1997.09.26"]

1. Nf3 b6 2. d4 Bb7 3. c4 e6 4. e3 f5 5. Be2 Nf6 6. O-O Be7 7. Nc3 O-O 8. b3
Ne4 9. Bb2 Bf6 10. Rc1 d6 11. Nd2 Nxc3 12. Bxc3 e5 13. d5 e4 14. f4 exf3 15.
Nxf3 Qe7 16. Qd2 c5 17. dxc6 Nxc6 18. Bxf6 Rxf6 19. Nd4 Nxd4 20. exd4 Re8 21.
Bd3 Be4 22. Bxe4 fxe4 23. Qe3 Ref8 24. Rce1 Rxf1+ 25. Rxf1 Rxf1+ 26. Kxf1
1/2-1/2

[Event "Capablanca mem-B"]
[Site "Cienfuegos CUB"]
[Date "1996.??.??"]
[Round "11"]
[White "Hergott, Deen"]
[Black "Galego, Luis"]
[Result "1-0"]
[WhiteElo "2485"]
[BlackElo "2445"]
[PlyCount "79"]
[EventDate "1996.??.??"]
[EventType "tourn"]
[EventRounds "13"]
[EventCountry "CUB"]
[EventCategory "8"]
[Source "ChessBase"]
[SourceDate "1997.09.26"]

1. g3 e5 2. c4 Nf6 3. Bg2 Bc5 4. e3 O-O 5. Ne2 Re8 6. Nbc3 Nc6 7. a3 a5 8. O-O
d6 9. d4 exd4 10. exd4 Ba7 11. h3 Bf5 12. Be3 Qc8 13. g4 Bg6 14. Ng3 h6 15. Qd2
h5 16. Nd5 hxg4 17. Nxf6+ gxf6 18. h4 a4 19. h5 Bh7 20. Bxc6 bxc6 21. Bh6 Re4
22. Nxe4 Bxe4 23. Qf4 Qf5 24. Qxf5 Bxf5 25. Rad1 Rb8 26. Rd2 Be4 27. Re1 f5 28.
Kh2 Bb6 29. Re3 Ba5 30. Rde2 Kh7 31. Bf4 Kg7 32. Kg3 Kf6 33. h6 Kg6 34. Rxe4
fxe4 35. Rxe4 Rb3+ 36. Be3 Be1 37. Rxg4+ Kh7 38. Rg7+ Kh8 39. Kf3 Rxb2 40. Rxf7
1-0

[Event "Capablanca mem-B"]
[Site "Cienfuegos CUB"]
[Date "1996.??.??"]
[Round "12"]
[White "Diaz, Joaquin Carlos"]
[Black "Hergott, Deen"]
[Result "1-0"]
[WhiteElo "2410"]
[BlackElo "2485"]
[PlyCount "93"]
[EventDate "1996.??.??"]
[EventType "tourn"]
[EventRounds "13"]
[EventCountry "CUB"]
[EventCategory "8"]
[Source "ChessBase"]
[SourceDate "1997.09.26"]

1. e4 e6 2. d4 d5 3. Nc3 Bb4 4. e5 Ne7 5. Bd2 b6 6. f4 Bxc3 7. bxc3 Ba6 8. Bd3
c5 9. Nf3 Qc8 10. dxc5 bxc5 11. O-O h5 12. Qe1 Bxd3 13. cxd3 Qa6 14. Qe2 Qa4
15. Be3 Nd7 16. c4 d4 17. Bf2 Rb8 18. Ng5 Nf5 19. g3 Qc6 20. Rab1 Rb6 21. Rb3
Ke7 22. Re1 Nf8 23. Reb1 f6 24. exf6+ gxf6 25. Ne4 Nd7 26. Rxb6 axb6 27. Ra1
Nd6 28. Nd2 h4 29. g4 h3 30. Bg3 Rg8 31. Re1 Nf8 32. f5 Rxg4 33. Ne4 Nxe4 34.
Qxg4 Ng5 35. Re2 Qa4 36. Kf2 Nfh7 37. fxe6 Qc6 38. Bf4 Qh1 39. Qg3 Qc6 40. Bd6+
Ke8 41. e7 Qc8 42. Bf4 Qf5 43. Kg1 Qc8 44. Bxg5 Nxg5 45. Qf4 b5 46. Qxf6 Qg4+
47. Kf1 1-0

[Event "Gatineau op"]
[Site "Hull CAN"]
[Date "1996.??.??"]
[Round "3"]
[White "Hergott, Deen"]
[Black "Hua, Lefong"]
[Result "1-0"]
[WhiteElo "2445"]
[BlackElo "2240"]
[PlyCount "53"]
[EventDate "1996.??.??"]
[EventType "swiss"]
[EventRounds "5"]
[EventCountry "CAN"]

1. Nf3 d6 2. c4 g6 3. d4 Nf6 4. Nc3 Bg7 5. e4 O-O 6. Be2 Na6 7. O-O e5 8. Re1
c6 9. Rb1 exd4 10. Nxd4 Nc5 11. Bf1 a5 12. Bg5 h6 13. Bh4 Qb6 14. Kh1 Nfxe4 15.
Nxe4 Nxe4 16. Rxe4 f5 17. c5 dxc5 18. Bc4+ Kh7 19. Re7 cxd4 20. Qe2 Qc5 21. b4
Qd6 22. Rxg7+ Kxg7 23. Be7 Qf4 24. Re1 Rf7 25. Bf8+ Kg8 26. Bxf7+ Kxf8 27. Qe7+
1-0

[Event "Gatineau op"]
[Site "Hull CAN"]
[Date "1996.??.??"]
[Round "4"]
[White "Goldenberg, Danny"]
[Black "Hergott, Deen"]
[Result "0-1"]
[WhiteElo "2325"]
[BlackElo "2445"]
[PlyCount "64"]
[EventDate "1996.??.??"]
[EventType "swiss"]
[EventRounds "5"]
[EventCountry "CAN"]

1. e4 g6 2. d4 Bg7 3. Nf3 d6 4. Nc3 a6 5. Be2 b5 6. O-O Bb7 7. a3 Nd7 8. Re1 e6
9. Bf1 Ne7 10. Be3 h6 11. Qc1 Nf6 12. Bd3 Ng4 13. Ne2 Nxe3 14. fxe3 O-O 15. a4
c5 16. axb5 axb5 17. Bxb5 Bxe4 18. Qd2 Qb6 19. c4 Nf5 20. dxc5 dxc5 21. Nc3
Rxa1 22. Rxa1 Bxf3 23. gxf3 Nxe3 24. Ne2 Nf5 25. Ra6 Qb8 26. b3 Rd8 27. Qa2
Rd1+ 28. Kg2 Qe5 29. Ra8+ Kh7 30. Bc6 Ne3+ 31. Kh3 Qh5+ 32. Kg3 Qg5+ 0-1

[Event "Gatineau op"]
[Site "Hull CAN"]
[Date "1996.??.??"]
[Round "5"]
[White "Schleifer, Michael"]
[Black "Hergott, Deen"]
[Result "1/2-1/2"]
[WhiteElo "2300"]
[BlackElo "2445"]
[PlyCount "38"]
[EventDate "1996.??.??"]
[EventType "swiss"]
[EventRounds "5"]
[EventCountry "CAN"]

1. e4 e5 2. Nc3 Nf6 3. Nf3 Nc6 4. Bb5 Nd4 5. Bc4 Bc5 6. d3 d6 7. Nxd4 Bxd4 8.
Qf3 Be6 9. Nd5 c6 10. Nxf6+ Qxf6 11. Qe2 Qg6 12. f3 Bxc4 13. dxc4 O-O-O 14. c3
Bb6 15. Be3 Bxe3 16. Qxe3 Qxg2 17. O-O-O Qh3 18. Qxa7 Kc7 19. c5 dxc5 1/2-1/2

[Event "Ottawa"]
[Site "Ottawa CAN"]
[Date "1996.??.??"]
[Round "2"]
[White "Hergott, Deen"]
[Black "Gordon, David"]
[Result "1-0"]
[WhiteElo "2445"]
[BlackElo "2225"]
[PlyCount "63"]
[EventDate "1996.??.??"]
[EventRounds "5"]
[EventCountry "CAN"]

1. Nf3 Nf6 2. c4 e6 3. g3 b6 4. Bg2 Bb7 5. O-O c5 6. Nc3 Be7 7. d4 cxd4 8. Qxd4
d6 9. Rd1 a6 10. Bg5 Nbd7 11. Bxf6 Nxf6 12. Na4 b5 13. cxb5 axb5 14. Nc3 Qd7
15. Qb6 Nd5 16. Nxd5 Bxd5 17. Nd4 Bxg2 18. Kxg2 O-O 19. Qxb5 Qxb5 20. Nxb5 Rfb8
21. a4 d5 22. b3 Bf6 23. Rac1 Kf8 24. f4 Rc8 25. Nc7 Rab8 26. b4 Bb2 27. Rc2
Ba3 28. b5 Ke7 29. b6 Kd7 30. a5 Bd6 31. Rdc1 g6 32. Na6 1-0

[Event "Ottawa"]
[Site "Ottawa CAN"]
[Date "1996.??.??"]
[Round "5"]
[White "Hergott, Deen"]
[Black "Djerkovic, Miladin"]
[Result "1/2-1/2"]
[WhiteElo "2445"]
[BlackElo "2265"]
[PlyCount "116"]
[EventDate "1996.??.??"]
[EventRounds "5"]
[EventCountry "CAN"]

1. Nf3 c5 2. c4 g6 3. d4 cxd4 4. Nxd4 Bg7 5. e4 Nc6 6. Be3 d6 7. Nc3 Nf6 8. Be2
O-O 9. O-O Bd7 10. Qd2 Nxd4 11. Bxd4 Bc6 12. f3 Nd7 13. Be3 a5 14. b3 Nc5 15.
Rab1 Qc7 16. Rfc1 Rfc8 17. Rc2 Qd8 18. a3 h5 19. Kh1 Kh7 20. b4 axb4 21. axb4
Na4 22. Nd5 Bxd5 23. exd5 Nb6 24. f4 f5 25. h3 Nd7 26. g4 Nf6 27. gxf5 gxf5 28.
Bd3 Qd7 29. Rg1 Rg8 30. Rg5 Ra1+ 31. Rc1 Rxc1+ 32. Qxc1 Ne4 33. Bxe4 fxe4 34.
Rxh5+ Kg6 35. Qg1+ Kf7 36. Qg4 Qxg4 37. hxg4 Ra8 38. Rh7 Kg8 39. Rh2 Ra4 40.
Rc2 Rxb4 41. c5 dxc5 42. Bxc5 Rb1+ 43. Kg2 Kf7 44. Rc4 Rb5 45. Bd4 Rxd5 46.
Bxg7 Kxg7 47. Rxe4 Kf6 48. Rb4 b5 49. Kf3 Rc5 50. Ke4 e6 51. g5+ Kg6 52. Rb1
Kf7 53. Rh1 Rc4+ 54. Ke5 Rc5+ 55. Ke4 Rc4+ 56. Kf3 e5 57. fxe5 Kg6 58. Rg1 b4
1/2-1/2

[Event "Ottawa active"]
[Site "Ottawa CAN"]
[Date "1996.??.??"]
[Round "2"]
[White "Danilov, Alex"]
[Black "Hergott, Deen"]
[Result "0-1"]
[WhiteElo "1766"]
[BlackElo "2445"]
[PlyCount "46"]
[EventDate "1996.??.??"]
[EventType "rapid"]
[EventCountry "CAN"]

1. c4 b6 2. Nf3 Bb7 3. g3 Bxf3 4. exf3 c5 5. Bg2 Nc6 6. f4 Rc8 7. O-O g6 8. d3
Bg7 9. Nc3 h5 10. h4 Nh6 11. Be3 Nf5 12. Qd2 O-O 13. Rad1 e6 14. b3 Nce7 15.
Ne2 d5 16. cxd5 Nxd5 17. d4 cxd4 18. Nxd4 Ndxe3 19. fxe3 Nxg3 20. Rfe1 Bxd4 21.
exd4 Qxh4 22. Re5 Nf5 23. d5 Rfd8 0-1

[Event "Ottawa active"]
[Site "Ottawa CAN"]
[Date "1996.??.??"]
[Round "6"]
[White "Smith, Arthur L"]
[Black "Hergott, Deen"]
[Result "0-1"]
[WhiteElo "2290"]
[BlackElo "2445"]
[PlyCount "72"]
[EventDate "1996.??.??"]
[EventType "rapid"]
[EventCountry "CAN"]

1. e4 g6 2. d4 Bg7 3. Nc3 c5 4. Nge2 cxd4 5. Nxd4 Nc6 6. Be3 Nf6 7. Be2 O-O 8.
f4 d6 9. Bf3 Qb6 10. O-O Ng4 11. Nd5 Nxe3 12. Nxb6 Bxd4 13. Qd3 Nxf1+ 14. Kh1
axb6 15. c3 Bg7 16. Qxf1 Be6 17. g4 Bxa2 18. Qf2 Bc4 19. Rxa8 Rxa8 20. Qxb6
Ra1+ 21. Kg2 Ba6 22. e5 dxe5 23. fxe5 Bxe5 24. Bxc6 bxc6 25. Qd8+ Kg7 26. Qxe7
Bf1+ 27. Kf2 Bf6 28. Qc5 h6 29. Qxc6 Bd3 30. Qd6 Bc4 31. Qc5 Be6 32. Ke3 Bxg4
33. b4 Rc1 34. Kf4 Rxc3 35. Kxg4 Rxc5 36. bxc5 Be5 0-1

[Event "Ottawa active"]
[Site "Ottawa CAN"]
[Date "1996.??.??"]
[Round "8"]
[White "Djerkovic, Miladin"]
[Black "Hergott, Deen"]
[Result "0-1"]
[WhiteElo "2265"]
[BlackElo "2445"]
[PlyCount "48"]
[EventDate "1996.??.??"]
[EventType "rapid"]
[EventCountry "CAN"]

1. e4 e6 2. d4 d5 3. Nc3 Nf6 4. Bg5 Bb4 5. e5 h6 6. Bd2 Bxc3 7. bxc3 Ne4 8. Qg4
g6 9. Nf3 c5 10. Bd3 Nxd2 11. Kxd2 Qe7 12. h4 Nd7 13. a4 c4 14. Be2 a5 15. h5
g5 16. Nh2 f5 17. exf6 Nxf6 18. Qh3 Ne4+ 19. Ke1 e5 20. Qe3 exd4 21. Qxd4 Rf8
22. Rf1 g4 23. Kd1 Qf6 24. f3 Nxc3+ 0-1

[Event "Toronto op"]
[Site "Toronto CAN"]
[Date "1996.??.??"]
[Round "5"]
[White "Hamilton, Robert"]
[Black "Hergott, Deen"]
[Result "1-0"]
[WhiteElo "2315"]
[BlackElo "2445"]
[PlyCount "79"]
[EventDate "1996.??.??"]
[EventType "swiss"]
[EventRounds "6"]
[EventCountry "CAN"]

1. d4 g6 2. e4 Bg7 3. c3 d6 4. f4 Nf6 5. Bd3 c5 6. dxc5 Nbd7 7. b4 O-O 8. Nf3
a5 9. Qa4 axb4 10. Qxa8 Nxc5 11. Bc2 Qb6 12. cxb4 Na6 13. b5 Bd7 14. Qxf8+ Kxf8
15. bxa6 Ng4 16. axb7 Bxa1 17. h3 Nf6 18. e5 Nd5 19. Bb3 Nc3 20. Na3 Ne4 21.
b8=Q+ Qxb8 22. O-O Qa7+ 23. Kh2 Bc3 24. exd6 Nxd6 25. Ne5 Be8 26. Nc2 f6 27.
Rf3 fxe5 28. fxe5+ Kg7 29. Rxc3 Ne4 30. Rc4 Qb7 31. Nd4 Bd7 32. e6 Qb8+ 33. Kg1
Be8 34. Nc2 Nf6 35. Bf4 Qb6+ 36. Kh2 Bc6 37. Ne3 Qb7 38. Be5 h5 39. g4 Qb6 40.
Bf4 1-0

[Event "Toronto-2"]
[Site "Toronto CAN"]
[Date "1996.??.??"]
[Round "1"]
[White "Kret, Ted"]
[Black "Hergott, Deen"]
[Result "0-1"]
[WhiteElo "2085"]
[BlackElo "2445"]
[PlyCount "52"]
[EventDate "1996.??.??"]
[EventCountry "CAN"]

1. d4 g6 2. c4 Bg7 3. Nc3 c5 4. d5 Bxc3+ 5. bxc3 f5 6. g4 fxg4 7. e4 Qa5 8. e5
Qxc3+ 9. Bd2 Qxe5+ 10. Ne2 Nf6 11. Bg2 Qc7 12. Qc2 d6 13. Ng3 Nbd7 14. O-O-O b5
15. Rde1 Bb7 16. Bg5 Rf8 17. cxb5 Ne5 18. h3 Nxd5 19. Rxe5 dxe5 20. Ne4 Nb4 21.
Qe2 O-O-O 22. hxg4 Nd3+ 23. Kb1 Qa5 24. Rxh7 Qb4+ 25. Ka1 Bxe4 26. Bxe4 Rxf2
0-1

[Event "Toronto-2"]
[Site "Toronto CAN"]
[Date "1996.??.??"]
[Round "3"]
[White "Hergott, Deen"]
[Black "Filipovich, David"]
[Result "1/2-1/2"]
[WhiteElo "2445"]
[BlackElo "2240"]
[PlyCount "43"]
[EventDate "1996.??.??"]
[EventCountry "CAN"]

1. d4 d5 2. Nf3 c6 3. c4 Nf6 4. Nc3 dxc4 5. Ne5 b5 6. g3 Bb7 7. Bg2 Qb6 8. O-O
e6 9. e4 Nbd7 10. Nxd7 Nxd7 11. d5 Bc5 12. dxe6 Ne5 13. Qh5 Bd4 14. Be3 O-O 15.
Bxd4 Qxd4 16. Rad1 Nd3 17. e5 fxe6 18. Be4 g6 19. Bxg6 hxg6 20. Qxg6+ Kh8 21.
Qh6+ Kg8 22. Qg6+ 1/2-1/2

[Event "Toronto-2"]
[Site "Toronto CAN"]
[Date "1996.??.??"]
[Round "4"]
[White "Djerkovic, Miladin"]
[Black "Hergott, Deen"]
[Result "1/2-1/2"]
[WhiteElo "2265"]
[BlackElo "2445"]
[PlyCount "61"]
[EventDate "1996.??.??"]
[EventCountry "CAN"]

1. e4 g6 2. d4 d6 3. Nf3 Bg7 4. Be2 Nf6 5. Nc3 O-O 6. O-O c6 7. Bg5 h6 8. Bf4
Nbd7 9. Qd2 Kh7 10. h3 Nh5 11. Be3 e5 12. dxe5 dxe5 13. Rad1 Qe7 14. Qd6 Bf6
15. Qd2 Bg7 16. Qd6 Bf6 17. Qd2 Rg8 18. g4 Nf4 19. Bxf4 exf4 20. Qxf4 Ne5 21.
Nd4 g5 22. Qe3 Ng6 23. Bc4 Be5 24. Nce2 Nf4 25. Nf5 Qf6 26. c3 h5 27. Qf3 Bxf5
28. exf5 b5 29. Nxf4 gxf4 30. Be2 hxg4 31. hxg4 1/2-1/2

[Event "Toronto-2"]
[Site "Toronto CAN"]
[Date "1996.??.??"]
[Round "5"]
[White "Hergott, Deen"]
[Black "Zugic, Igor"]
[Result "1-0"]
[WhiteElo "2445"]
[BlackElo "2335"]
[PlyCount "57"]
[EventDate "1996.??.??"]
[EventCountry "CAN"]

1. Nf3 Nf6 2. c4 g6 3. Nc3 d5 4. d4 Bg7 5. cxd5 Nxd5 6. Qb3 Nxc3 7. bxc3 c5 8.
e3 O-O 9. Be2 cxd4 10. cxd4 Nc6 11. O-O e5 12. Ba3 Re8 13. Bc4 Be6 14. d5 Na5
15. dxe6 Nxb3 16. exf7+ Kh8 17. fxe8=Q+ Qxe8 18. Bxb3 h6 19. e4 b5 20. Bd5 Rc8
21. Rac1 g5 22. Rxc8 Qxc8 23. Rc1 Qd8 24. Be6 Qd3 25. Rc8+ Bf8 26. Rxf8+ Kg7
27. Rf7+ Kh8 28. g4 b4 29. Bxb4 1-0

[Event "CAN-ch"]
[Site "Ottawa CAN"]
[Date "1995.08.12"]
[Round "1"]
[White "Stone, Raymond"]
[Black "Hergott, Deen"]
[Result "1/2-1/2"]
[WhiteElo "2340"]
[BlackElo "2475"]
[PlyCount "75"]
[EventDate "1995.08.12"]
[EventType "tourn"]
[EventRounds "9"]
[EventCountry "CAN"]

1. d4 e6 2. c4 b6 3. Nc3 Bb4 4. e4 Bb7 5. f3 f5 6. exf5 Nh6 7. fxe6 Nf5 8. Nge2
dxe6 9. Qa4+ Nc6 10. Bd2 O-O 11. O-O-O Nfxd4 12. Nxd4 Qxd4 13. Qc2 Qh4 14. Qe4
Qh5 15. Qxe6+ Kh8 16. Qd5 Rf5 17. Qd3 Rd8 18. Nd5 Qf7 19. Be2 Ba6 20. Bxb4
Rfxd5 21. Qxd5 Rxd5 22. Rxd5 h6 23. Bc3 Bc8 24. Rd2 Bf5 25. Rhd1 b5 26. cxb5
Qxa2 27. Bd3 Qa1+ 28. Kc2 Qa4+ 29. Kb1 Qxb5 30. Bxf5 Qxf5+ 31. Ka1 Kg8 32. Rd7
g5 33. Rxc7 Qb5 34. Rd6 Qf1+ 35. Ka2 Qc4+ 36. Kb1 Qf1+ 37. Ka2 Qc4+ 38. Ka1
1/2-1/2

[Event "CAN-ch"]
[Site "Ottawa CAN"]
[Date "1995.08.13"]
[Round "2"]
[White "Hergott, Deen"]
[Black "O'Donnell, Tom"]
[Result "1/2-1/2"]
[WhiteElo "2475"]
[BlackElo "2360"]
[PlyCount "82"]
[EventDate "1995.08.12"]
[EventType "tourn"]
[EventRounds "9"]
[EventCountry "CAN"]

1. Nf3 d5 2. d4 c6 3. c4 Nf6 4. Nc3 a6 5. Bf4 dxc4 6. a4 Nd5 7. Bg3 e6 8. e4
Nxc3 9. bxc3 b5 10. Be2 Be7 11. O-O Bb7 12. Qb1 Qc8 13. Nd2 O-O 14. e5 Nd7 15.
Bf3 Nb6 16. Be4 h6 17. f4 c5 18. dxc5 Bxc5+ 19. Kh1 Bxe4 20. Nxe4 Nxa4 21. Bh4
Qc6 22. Rf3 g6 23. Rh3 Rfd8 24. Bxd8 Rxd8 25. Rxh6 Kg7 26. Qe1 Kxh6 27. Qh4+
Kg7 28. Qf6+ Kg8 29. Qxd8+ Bf8 30. Nf6+ Kg7 31. Ne8+ Kg8 32. Nf6+ Kg7 33. Rd1
Nc5 34. Rd6 Qb7 35. Qxf8+ Kxf8 36. Rd8+ Kg7 37. Rg8+ Kh6 38. Rh8+ Kg7 39. Rg8+
Kh6 40. Ng4+ Kh7 41. Nf6+ Kh6 1/2-1/2

[Event "CAN-ch"]
[Site "Ottawa CAN"]
[Date "1995.08.14"]
[Round "3"]
[White "Littke, Adam"]
[Black "Hergott, Deen"]
[Result "1-0"]
[WhiteElo "2300"]
[BlackElo "2475"]
[PlyCount "127"]
[EventDate "1995.08.12"]
[EventType "tourn"]
[EventRounds "9"]
[EventCountry "CAN"]

1. d4 g6 2. c4 Bg7 3. e4 d6 4. Nc3 e5 5. Nf3 exd4 6. Nxd4 Nc6 7. Be3 Nge7 8. h4
f5 9. h5 fxe4 10. hxg6 hxg6 11. Rxh8+ Bxh8 12. Nxe4 Bf5 13. Nxf5 gxf5 14. Qh5+
Kd7 15. O-O-O Qg8 16. Nc5+ Kc8 17. Nb3 a5 18. Nd4 Bxd4 19. Bxd4 Nxd4 20. Rxd4
a4 21. a3 Ra5 22. f4 Kb8 23. Qf3 Nc6 24. Rd5 Rxd5 25. cxd5 Nd4 26. Qe3 Nb3+ 27.
Kc2 Nc5 28. Qf3 Ne4 29. Qd3 Qg4 30. Qf3 Qxf3 31. gxf3 Nf6 32. Bc4 Ka7 33. Kd3
Kb6 34. Kd4 Nh5 35. Bd3 Ng3 36. Kc4 c5 37. dxc6 bxc6 38. Kb4 d5 39. Kxa4 Kc5
40. Kb3 Kd4 41. Kc2 c5 42. Kd2 c4 43. Bb1 Kc5 44. Ke3 d4+ 45. Kf2 Nh5 46. Bxf5
Nxf4 47. Ke1 c3 48. bxc3 dxc3 49. Kd1 Nd5 50. Be6 Ne3+ 51. Ke2 c2 52. Kd2 Ng2
53. Bf5 Ne3 54. Bxc2 Nc4+ 55. Kc3 Ne3 56. Be4 Ng2 57. Bd3 Ne3 58. Be4 Ng2 59.
a4 Nf4 60. Kd2 Kb4 61. Bc6 Kc5 62. Bb5 Kd4 63. a5 Ne6 64. a6 1-0

[Event "CAN-ch"]
[Site "Ottawa CAN"]
[Date "1995.08.15"]
[Round "4"]
[White "Hergott, Deen"]
[Black "Livshits, Ron"]
[Result "0-1"]
[WhiteElo "2475"]
[BlackElo "2350"]
[PlyCount "75"]
[EventDate "1995.08.12"]
[EventType "tourn"]
[EventRounds "9"]
[EventCountry "CAN"]

1. e4 c6 2. d4 d5 3. e5 Bf5 4. h4 h6 5. g4 Bd7 6. c4 e6 7. Nc3 Bb4 8. Qb3 c5 9.
a3 Ba5 10. cxd5 exd5 11. Qxd5 cxd4 12. Bc4 Qe7 13. Rh3 Nc6 14. b4 Be6 15. Qe4
Bxc4 16. bxa5 Nxe5 17. Bf4 Nd3+ 18. Rxd3 Bxd3 19. Qxe7+ Nxe7 20. Na4 Ng6 21.
Bd6 Bb5 22. Nc5 O-O-O 23. Bg3 Rhe8+ 24. Kd2 Ne5 25. a4 Rd5 26. axb5 Rxc5 27.
Ne2 Nc4+ 28. Kd3 Nb2+ 29. Kd2 d3 30. Nc3 Rd8 31. Bf4 Nc4+ 32. Kd1 Nb2+ 33. Kd2
g5 34. hxg5 hxg5 35. Bg3 Nc4+ 36. Kd1 d2 37. b6 axb6 38. Na4 0-1

[Event "CAN-ch"]
[Site "Ottawa CAN"]
[Date "1995.08.17"]
[Round "6"]
[White "Johnstone, Glenn"]
[Black "Hergott, Deen"]
[Result "0-1"]
[WhiteElo "2295"]
[BlackElo "2475"]
[PlyCount "110"]
[EventDate "1995.08.12"]
[EventType "tourn"]
[EventRounds "9"]
[EventCountry "CAN"]

1. e4 e6 2. d4 d5 3. Nd2 Nf6 4. e5 Nfd7 5. Bd3 c5 6. c3 Nc6 7. Ne2 cxd4 8. cxd4
f6 9. exf6 Qxf6 10. Nf3 Bd6 11. O-O h6 12. Be3 O-O 13. Ng3 e5 14. dxe5 Ndxe5
15. Nxe5 Bxe5 16. Rb1 Be6 17. a3 Rad8 18. Qh5 Bc7 19. Bc5 Ne5 20. Bd4 Nf3+ 21.
Qxf3 Qxd4 22. Qe2 Bg4 23. Qd2 Bb6 24. Nh1 Rde8 25. Qc2 Re5 26. Rbe1 Rfe8 27.
Rxe5 Qxe5 28. Ng3 Bd4 29. Bh7+ Kh8 30. Bg6 Rf8 31. b4 h5 32. Bd3 h4 33. Ne2 Bb6
34. h3 Be6 35. Qd2 Bc7 36. f4 Bb6+ 37. Kh1 Qe3 38. Qxe3 Bxe3 39. f5 Bf7 40. Nf4
d4 41. g4 hxg3 42. Kg2 Rc8 43. Kxg3 Rc3 44. Ng6+ Kg8 45. Be4 Bc4 46. Ra1 Bc1+
47. Kf2 d3 48. Bd5+ Bxd5 49. Ne7+ Kf7 50. Nxd5 Rc2+ 51. Kf3 d2 52. Ke2 Rc8 53.
Kd1 Re8 54. Rxc1 dxc1=Q+ 55. Kxc1 Re5 0-1

[Event "CAN-ch"]
[Site "Ottawa CAN"]
[Date "1995.08.19"]
[Round "8"]
[White "Leveille, Francois"]
[Black "Hergott, Deen"]
[Result "0-1"]
[WhiteElo "2360"]
[BlackElo "2475"]
[PlyCount "96"]
[EventDate "1995.08.12"]
[EventType "tourn"]
[EventRounds "9"]
[EventCountry "CAN"]

1. e4 e6 2. d4 d5 3. e5 c5 4. c3 Qb6 5. Nf3 Bd7 6. Be2 Bb5 7. c4 Bxc4 8. Bxc4
Qb4+ 9. Nbd2 dxc4 10. a3 Qb5 11. Qe2 cxd4 12. Nxc4 Qd5 13. Qd3 Nc6 14. Bf4 b5
15. Ncd2 Nge7 16. O-O Ng6 17. Bg3 Ngxe5 18. Nxe5 Nxe5 19. Bxe5 Qxe5 20. Nf3 Qd5
21. Nxd4 a6 22. Rfd1 Bc5 23. Nb3 Qxd3 24. Rxd3 Be7 25. a4 O-O 26. Rd7 bxa4 27.
Rxe7 axb3 28. Rb7 Rab8 29. Rxb8 Rxb8 30. Rxa6 g5 31. g3 Kg7 32. Kg2 h5 33. Kf3
g4+ 34. Ke3 Rb5 35. Ra4 Kg6 36. Rf4 f5 37. Ra4 h4 38. gxh4 Re5+ 39. Kd3 Kh5 40.
Rb4 Kxh4 41. Rxb3 f4 42. Rc3 f3 43. b4 Kh3 44. Rb3 Kxh2 45. Kd4 Rf5 46. b5 g3
47. b6 g2 48. b7 Rf8 0-1

[Event "North Bay int."]
[Site "North Bay CAN"]
[Date "1995.08.03"]
[Round "1"]
[White "Peckford, William"]
[Black "Hergott, Deen"]
[Result "0-1"]
[WhiteElo "2305"]
[BlackElo "2569"]
[PlyCount "58"]
[EventDate "1995.08.03"]
[EventType "swiss"]
[EventRounds "8"]
[EventCountry "CAN"]

1. d4 g6 2. c4 Bg7 3. e4 d6 4. Nc3 e5 5. d5 a5 6. g4 Nf6 7. f3 h5 8. g5 Nh7 9.
h4 f6 10. Bh3 Nd7 11. Bxd7+ Bxd7 12. Qd2 fxg5 13. hxg5 Bf8 14. Qg2 Be7 15. Nh3
O-O 16. Be3 a4 17. Nf2 Rf7 18. Rg1 c5 19. Nd3 b5 20. cxb5 Qa5 21. Bxc5 Bxb5 22.
Bb4 Qb6 23. Nxb5 Qe3+ 24. Qe2 Qxg1+ 25. Qf1 Qxf1+ 26. Kxf1 Rb8 27. Nc7 Rxf3+
28. Ke2 Rxd3 29. Kxd3 Rxb4 0-1

[Event "North Bay int."]
[Site "North Bay CAN"]
[Date "1995.08.03"]
[Round "2"]
[White "Hergott, Deen"]
[Black "Southam, Todd"]
[Result "1-0"]
[WhiteElo "2569"]
[BlackElo "2375"]
[PlyCount "99"]
[EventDate "1995.08.03"]
[EventType "swiss"]
[EventRounds "8"]
[EventCountry "CAN"]

1. d4 Nf6 2. Bg5 d5 3. Bxf6 exf6 4. e3 c5 5. Nc3 Nc6 6. dxc5 Be6 7. Nge2 Bxc5
8. Nf4 Bb4 9. Bd3 Bxc3+ 10. bxc3 O-O 11. Qh5 g6 12. Qh6 Ne5 13. O-O Ng4 14. Qh4
f5 15. Qg3 Rc8 16. Rab1 b6 17. Rb3 Nf6 18. Rd1 Qc7 19. f3 Qe5 20. Re1 Nd7 21.
Ra3 Rxc3 22. Rxa7 Nc5 23. Qg5 Qb8 24. Re7 Qd8 25. Qf6 Nd7 26. Nxe6 Nxf6 27.
Nxd8 Rxd8 28. Rb1 Nd7 29. Bb5 Nc5 30. Rb2 Kf8 31. Rc7 Rxe3 32. Bc6 d4 33. Rxb6
d3 34. cxd3 Re1+ 35. Kf2 Nxd3+ 36. Kg3 f4+ 37. Kg4 Re2 38. Rbb7 Rxg2+ 39. Kh3
Rg5 40. Rxf7+ Kg8 41. Rg7+ Kh8 42. Rxh7+ Kg8 43. Rhg7+ Kh8 44. Rh7+ Kg8 45.
Rbg7+ Kf8 46. Ra7 Kg8 47. Ba4 Rh5+ 48. Rxh5 gxh5 49. Rd7 Rxd7 50. Bxd7 1-0

[Event "North Bay int."]
[Site "North Bay CAN"]
[Date "1995.08.04"]
[Round "3"]
[White "Day, Lawrence"]
[Black "Hergott, Deen"]
[Result "0-1"]
[WhiteElo "2424"]
[BlackElo "2569"]
[PlyCount "66"]
[EventDate "1995.08.03"]
[EventType "swiss"]
[EventRounds "8"]
[EventCountry "CAN"]

1. e4 g6 2. d4 Bg7 3. Nc3 d6 4. Be3 c6 5. Qd2 b5 6. f3 Nd7 7. h4 h5 8. Nh3 Nb6
9. Nf2 Nf6 10. b3 a5 11. a4 b4 12. Ncd1 Nfd7 13. Rb1 c5 14. d5 c4 15. Bd4 Be5
16. f4 Bxd4 17. Qxd4 Nf6 18. bxc4 Nxa4 19. e5 Nd7 20. exd6 O-O 21. dxe7 Qxe7+
22. Kd2 Qc5 23. Kd3 Qc7 24. g4 Ndc5+ 25. Kd2 Qa7 26. Qa1 Bxg4 27. Nxg4 hxg4 28.
Bg2 Rfe8 29. Kc1 Re2 30. h5 Rxg2 31. Qf6 Nd7 32. Qc6 Qd4 33. Qxa4 Nc5 0-1